000 00673nam a22001937a 4500
003 NUST
005 20240923111452.0
008 240923b ||||| |||| 00| 0 eng d
020 _a9780128226742
082 _a004.2,HEN
100 _aHennessy, John L
245 _aComputer organization and design MIPS Edition : the hardware/software interface /
_c David A. Patterson, John L. Hennessy
250 _a6th Edition
260 _aBurlington, MA : Morgan Kaufmann Publishers,
_bMorgan Kaufmann Publishers,
_c2020
300 _a689 p
650 _aComputer engineering | Computer interfaces |
_9125977
651 _aComputer organization
_9125978
942 _2ddc
_cBK
999 _c611679
_d611679